000 00672nam a2200229Ia 4500
008 101110s9999 xx 000 0 und d
041 _aENGLISH
082 _bSR34059
100 _aDube K.K.
245 _aFundamentals of complex analysis : theory & applications
260 _c2009
_bI.K.publications, New Delhi
300 _a283
365 _b175
520 _aMathematics
520 _aUGC XIth Five Year Plan 2009-2010
546 _aENGLISH
630 _aFundamentals of complex analysis : theory & applications
650 _aMathematics
655 _aMathematics
730 _aFundamentals of complex analysis : theory & applications
942 _cBOOK
999 _c826560
_d826557